[Event "DEM U10 2011"]
[Site "Oberhof GER"]
[Date "2011.06.13"]
[Round "3"]
[White "Schnabel, Bennett"]
[Black "Schumacher, Simon"]
[Result "1-0"]
[Termination "normal"]
[Board "26"]
[WhiteElo "1289"]
[BlackElo "1005"]
[PlyCount "85"]
[WhiteFideId "12943290"]
[EventCountry "GER"]
[EventRounds "11"]
[EventType "swiss"]
[EventDate "2011.06.11"]

1. e4 d5 2. exd5 Qxd5 3. Nc3 Qa5 4. d4 e5 5. Qe2 Nc6 6. dxe5 Qxe5 7. Nf3 Qxe2+
8. Bxe2 Nf6 9. Bf4 Nb4 10. O-O-O Ng4 11. Rhe1 c6 12. Bc4+ Be7 13. Bd6 Be6 14.
Bxe6 fxe6 15. Rxe6 Nxf2 16. Rd2 Ng4 17. Rxe7+ Kd8 18. Bxb4+ Kc8 19. Rdd7 Rd8
20. Rxd8+ Kxd8 21. Rxg7 Nf6 22. Rf7 Ng4 23. Rf8+ Kc7 24. Rxa8 Ne3 25. g3 b6 26.
Nd1 Nd5 27. c3 a5 28. Ba3 c5 29. Ra7+ Kb8 30. Rxh7 b5 31. b3 b4 32. cxb4 axb4
33. Bb2 Nb6 34. g4 c4 35. bxc4 Nxc4 36. g5 Nd6 37. Be5 Kc8 38. g6 Kd8 39. Bxd6
b3 40. axb3 Ke8 41. Ne5 Kd8 42. g7 Kc8 43. g8=R# 1-0

[Event "DEM U10 2011"]
[Site "Oberhof GER"]
[Date "2011.06.13"]
[Round "3"]
[White "Demme, Miriam"]
[Black "Zieschank, Leon"]
[Result "0-1"]
[Termination "normal"]
[Board "27"]
[WhiteElo "1086"]
[BlackElo "1236"]
[PlyCount "78"]
[WhiteFideId "12966703"]
[EventCountry "GER"]
[EventRounds "11"]
[EventType "swiss"]
[EventDate "2011.06.11"]

1. e4 e5 2. Nf3 Nc6 3. d4 f6 4. d5 Nce7 5. Bb5 c6 6. Be2 d6 7. c4 cxd5 8. cxd5
f5 9. Bb5+ Bd7 10. Bxd7+ Qxd7 11. Nc3 h6 12. h4 Nf6 13. Qc2 fxe4 14. Nxe4 Nfxd5
15. Qd3 O-O-O 16. Qa3 Kb8 17. Bd2 Nf6 18. Nxf6 gxf6 19. Be3 Nc6 20. O-O-O d5
21. Qa4 d4 22. Rh3 Qc7 23. Bd2 Qd7 24. Ba5 Rc8 25. Kb1 Qf5+ 26. Ka1 Nxa5 27.
Qxa5 Qc2 28. Rb1 Qxf2 29. Nxe5 Qxg2 30. Rf3 fxe5 31. Qxe5+ Ka8 32. Qxh8 Qxf3
33. Qxd4 Qc6 34. a3 Qa6 35. Qd7 Qc6 36. Qd2 Qc4 37. Rc1 Qxc1+ 38. Qxc1 Rxc1+
39. Ka2 Rh1 0-1

[Event "DEM U10 2011"]
[Site "Oberhof GER"]
[Date "2011.06.13"]
[Round "3"]
[White "Schirra, Maurice"]
[Black "Poetsch, Leonore"]
[Result "0-1"]
[Termination "normal"]
[Board "28"]
[WhiteElo "1226"]
[BlackElo "966"]
[PlyCount "116"]
[WhiteFideId "12941115"]
[BlackFideId "12940372"]
[EventCountry "GER"]
[EventRounds "11"]
[EventType "swiss"]
[EventDate "2011.06.11"]

1. e4 e6 2. Nf3 d5 3. exd5 exd5 4. d4 Bd6 5. Nc3 c6 6. Bd3 Ne7 7. O-O O-O 8.
Re1 Bg4 9. h3 Bh5 10. Bg5 f6 11. Be3 Bg6 12. Nh4 Bxd3 13. Qxd3 Re8 14. Ne2 Qc7
15. Nf5 Nxf5 16. Qxf5 Qd7 17. Qh5 Na6 18. c3 Re7 19. Qf3 Rf7 20. Bf4 Re8 21.
Bxd6 Qxd6 22. Nf4 Rfe7 23. Kf1 Rxe1+ 24. Rxe1 Rxe1+ 25. Kxe1 Qe7+ 26. Kd2 Qe4
27. Qxe4 dxe4 28. Ne6 b6 29. Nd8 Nb8 30. Nb7 Kf8 31. Nd6 Nd7 32. Nxe4 Ke7 33.
c4 Kf7 34. Ke3 g6 35. Kf4 Kg7 36. b4 f5 37. Nd6 a6 38. c5 b5 39. Ne8+ Kf7 40.
Nc7 Nb8 41. Na8 Kf6 42. Nb6 h6 43. a4 Ke6 44. axb5 axb5 45. h4 Na6 46. g4 Nxb4
47. gxf5+ gxf5 48. Ke3 Nd5+ 49. Kf3 Nxb6 50. cxb6 Kd7 51. Ke3 Kc8 52. Kd3 Kb7
53. Kc3 Kxb6 54. f4 Kc7 55. h5 Kd6 56. Kd2 Kd5 57. Kd3 b4 58. Kc2 Kxd4 0-1

[Event "DEM U10 2011"]
[Site "Oberhof GER"]
[Date "2011.06.13"]
[Round "3"]
[White "Köhler, Inken"]
[Black "Hausdorf, Lars"]
[Result "1-0"]
[Termination "normal"]
[Board "29"]
[WhiteElo "1079"]
[BlackElo "1198"]
[PlyCount "57"]
[WhiteFideId "12929301"]
[BlackFideId "16200390"]
[EventCountry "GER"]
[EventRounds "11"]
[EventType "swiss"]
[EventDate "2011.06.11"]

1. e4 e5 2. Nf3 Nf6 3. Nc3 Nc6 4. Bc4 Nxe4 5. Bxf7+ Kxf7 6. Nxe4 d5 7. Ng3 Bg4
8. d3 Bc5 9. Ng5+ Qxg5 10. Bxg5 Bxd1 11. Rxd1 Rhf8 12. Be3 Bb6 13. Bxb6 axb6
14. a3 Kg6 15. f3 Rae8 16. c4 Ne7 17. Kf2 Rd8 18. b4 Ra8 19. Rhe1 Kf6 20. Nh5+
Kf7 21. Rxe5 Rxa3 22. Nf4 Rd8 23. Rde1 Rd7 24. Kg3 dxc4 25. dxc4 Ra4 26. Nd3
Ng6 27. Rf5+ Kg8 28. Re8+ Nf8 29. Rfxf8# 1-0

[Event "DEM U10 2011"]
[Site "Oberhof GER"]
[Date "2011.06.13"]
[Round "3"]
[White "Keymer, Vincent"]
[Black "Herbert, Fabian"]
[Result "1-0"]
[Termination "normal"]
[Board "30"]
[WhiteElo "1192"]
[BlackElo "949"]
[PlyCount "85"]
[WhiteFideId "12940690"]
[BlackFideId "12940402"]
[EventCountry "GER"]
[EventRounds "11"]
[EventType "swiss"]
[EventDate "2011.06.11"]

1. d4 d5 2. c4 e6 3. Nc3 Nf6 4. e3 Nc6 5. Nf3 Bd6 6. c5 Be7 7. Bb5 Bd7 8. Bxc6
Bxc6 9. b4 a6 10. Bb2 O-O 11. O-O Bb5 12. Re1 c6 13. a4 Bc4 14. Nd2 Qc7 15.
Nxc4 dxc4 16. e4 Qf4 17. h3 e5 18. d5 cxd5 19. exd5 Nd7 20. d6 Bf6 21. Nd5 Qg5
22. Qc2 Qh4 23. Re4 Qh5 24. Rxc4 e4 25. Nxf6+ Nxf6 26. Bxf6 gxf6 27. Rxe4 Qg6
28. Rg4 Rad8 29. Rxg6+ fxg6 30. b5 Ra8 31. c6 axb5 32. cxb7 Rab8 33. Qb3+ Kg7
34. Qxb5 Rfd8 35. Qc6 Kh6 36. a5 g5 37. a6 Re8 38. a7 Rbd8 39. a8=Q Kh5 40.
Qxe8+ Rxe8 41. Qxe8+ Kh4 42. Ra4+ g4 43. Rxg4# 1-0

[Event "DEM U10 2011"]
[Site "Oberhof GER"]
[Date "2011.06.13"]
[Round "3"]
[White "Möller, Lisa-Marie"]
[Black "Heckmann, Till"]
[Result "1/2-1/2"]
[Termination "normal"]
[Board "31"]
[WhiteElo "1069"]
[BlackElo "1157"]
[PlyCount "63"]
[WhiteFideId "12959367"]
[BlackFideId "12987093"]
[EventCountry "GER"]
[EventRounds "11"]
[EventType "swiss"]
[EventDate "2011.06.11"]

1. e4 e5 2. Nf3 Nc6 3. d4 exd4 4. Nxd4 Bc5 5. Be3 Bb6 6. Nxc6 bxc6 7. Bxb6 axb6
8. Nc3 d6 9. Bc4 Ne7 10. O-O O-O 11. Re1 Ng6 12. Qd2 Ne5 13. Bb3 Qf6 14. f4 Ng6
15. Rf1 Be6 16. Bxe6 fxe6 17. g3 Rf7 18. Qg2 Qd4+ 19. Kh1 Qb4 20. Rab1 Ra5 21.
a3 Qc4 22. Kg1 Kh8 23. Rbd1 b5 24. Rd3 b4 25. axb4 Qxb4 26. b3 Qc5+ 27. Qf2 Kg8
28. Qxc5 Rxc5 29. Rfd1 Kf8 30. Kg2 Ke8 31. R1d2 Re7 32. Na4 1/2-1/2

[Event "DEM U10 2011"]
[Site "Oberhof GER"]
[Date "2011.06.13"]
[Round "3"]
[White "Hoffmann, Lennard"]
[Black "Kopylov, Daniel"]
[Result "1/2-1/2"]
[Termination "normal"]
[Board "32"]
[WhiteElo "1044"]
[BlackElo "1130"]
[PlyCount "100"]
[WhiteFideId "12943495"]
[BlackFideId "12921971"]
[EventCountry "GER"]
[EventRounds "11"]
[EventType "swiss"]
[EventDate "2011.06.11"]

1. c4 e5 2. Nc3 Nf6 3. g3 d5 4. cxd5 Nxd5 5. Bg2 Be6 6. Nf3 Nc6 7. a3 Be7 8.
Nxd5 Bxd5 9. O-O O-O 10. b4 Bf6 11. Bb2 a6 12. d4 e4 13. Ne5 Bxe5 14. dxe5 Re8
15. Rc1 Nxe5 16. Qd4 Bc6 17. Qc3 Qf6 18. f4 exf3 19. exf3 Nxf3+ 20. Bxf3 Qxc3
21. Rxc3 Bb5 22. Bxb7 Rab8 23. Bc6 Re2 24. Bxb5 axb5 25. Ba1 Rc8 26. Rcf3 f6
27. R3f2 Rxf2 28. Rxf2 c5 29. bxc5 Rxc5 30. Rf4 Kf7 31. a4 Rc1+ 32. Rf1 Rxf1+
33. Kxf1 bxa4 34. Ke2 Ke6 35. Kd3 Kf5 36. Bd4 a3 37. Kc2 g5 38. Kd3 Kg4 39.
Bxf6 Kh3 40. Bxg5 a2 41. Bf6 Kxh2 42. g4 Kh3 43. g5 Kg4 44. Kc2 a1=Q 45. Bxa1
Kxg5 46. Kd2 Kg4 47. Ke2 Kg3 48. Bf6 h5 49. Ke3 h4 50. Bxh4+ Kxh4 1/2-1/2

[Event "DEM U10 2011"]
[Site "Oberhof GER"]
[Date "2011.06.13"]
[Round "3"]
[White "Bureik, Nicolas"]
[Black "Arnhold, Steffi"]
[Result "0-1"]
[Termination "normal"]
[Board "33"]
[WhiteElo "861"]
[BlackElo "1117"]
[PlyCount "66"]
[WhiteFideId "12971863"]
[BlackFideId "12931365"]
[EventCountry "GER"]
[EventRounds "11"]
[EventType "swiss"]
[EventDate "2011.06.11"]

1. e4 c5 2. Nf3 d6 3. d4 cxd4 4. Nxd4 Nf6 5. Nc3 a6 6. f3 e6 7. Be3 Be7 8. Qd2
Qc7 9. g4 Nc6 10. Nb3 b5 11. Bh3 Ne5 12. Bg2 Bb7 13. O-O-O Nc4 14. Qd3 Rc8 15.
Bd4 b4 16. Na4 e5 17. g5 Nh5 18. Bf2 Nf4 19. Qf1 Ne3 20. Rd2 Nxf1 21. Rxf1 Nxg2
22. Bb6 Qc6 23. Rxg2 Qxa4 24. Kb1 Qb5 25. Rc1 Qxb6 26. h4 d5 27. Nd2 dxe4 28.
fxe4 a5 29. Rf1 a4 30. Rgf2 Rf8 31. Nc4 Rxc4 32. b3 axb3 33. axb3 Rc5 0-1

[Event "DEM U10 2011"]
[Site "Oberhof GER"]
[Date "2011.06.13"]
[Round "3"]
[White "Niemann, Alexander"]
[Black "Pajeken, Jakob Leon"]
[Result "1-0"]
[Termination "normal"]
[Board "34"]
[WhiteElo "1311"]
[BlackElo "915"]
[PlyCount "121"]
[WhiteFideId "12939862"]
[BlackFideId "12942839"]
[EventCountry "GER"]
[EventRounds "11"]
[EventType "swiss"]
[EventDate "2011.06.11"]

1. e4 e5 2. f4 Nc6 3. Nf3 d6 4. Bc4 Bg4 5. Nc3 Nf6 6. h3 Bxf3 7. Qxf3 Nd4 8.
Qd1 Be7 9. O-O O-O 10. d3 c6 11. fxe5 dxe5 12. Ne2 Bc5 13. Be3 Qb6 14. Nxd4
Bxd4 15. Bxd4 Qxd4+ 16. Kh1 Nxe4 17. Rxf7 Rxf7 18. Bxf7+ Kxf7 19. Qf3+ Nf6 20.
Rb1 Qf4 21. Qe2 Nh5 22. Qxh5+ Kg8 23. Qe2 Re8 24. Rf1 Qg3 25. Qf2 Qg6 26. Qxa7
b5 27. Qf2 Qe6 28. b3 Qe7 29. Kg1 Rf8 30. Qxf8+ Qxf8 31. Rxf8+ Kxf8 32. Kf2 Ke7
33. Ke3 Kd6 34. Ke4 Ke6 35. c4 b4 36. c5 h6 37. h4 g5 38. g3 g4 39. d4 exd4 40.
Kxd4 h5 41. Ke4 Kf6 42. Kf4 Ke6 43. Kg5 Ke5 44. Kxh5 Kf5 45. Kh6 Kf6 46. h5 Kf7
47. Kg5 Kg7 48. Kxg4 Kh6 49. Kf5 Kxh5 50. g4+ Kh6 51. Kf6 Kh7 52. g5 Kg8 53.
Kg6 Kf8 54. Kh7 Kf7 55. g6+ Kf6 56. g7 Kg5 57. g8=Q+ Kh5 58. Qg7 Kh4 59. Kg6
Kh3 60. Kf5 Kh4 61. Qg4# 1-0

[Event "DEM U10 2011"]
[Site "Oberhof GER"]
[Date "2011.06.13"]
[Round "3"]
[White "Stein, Robert"]
[Black "Merx, Florian"]
[Result "1-0"]
[Termination "normal"]
[Board "35"]
[WhiteElo "1292"]
[BlackElo "1035"]
[PlyCount "117"]
[WhiteFideId "12921084"]
[BlackFideId "16212304"]
[EventCountry "GER"]
[EventRounds "11"]
[EventType "swiss"]
[EventDate "2011.06.11"]

1. e4 e5 2. Nf3 Nc6 3. d4 d6 4. d5 Nce7 5. Bg5 h6 6. Be3 Nf6 7. Nc3 Ng6 8. Qd2
Bd7 9. Be2 Be7 10. O-O-O O-O 11. h3 a6 12. a3 b5 13. Bd3 Qb8 14. Na2 c5 15.
dxc6 Bxc6 16. Nb4 Bxe4 17. Bxe4 Nxe4 18. Qd3 Nc5 19. Bxc5 dxc5 20. Nc6 Qc7 21.
Nxe7+ Qxe7 22. Qd7 Qf6 23. Qd6 Qf5 24. Rhe1 Rfe8 25. Re3 Re6 26. Qxc5 Re7 27.
Qd5 Rc8 28. Qe4 Qf6 29. Qd5 Qf5 30. Qe4 Qf6 31. Red3 Rc4 32. Rd8+ Kh7 33. Qe3
Qf5 34. R8d2 Rd7 35. g4 Re4 36. gxf5 Rxe3 37. fxg6+ Kxg6 38. fxe3 Re7 39. e4
Re6 40. Rd6 Rxd6 41. Rxd6+ f6 42. Nxe5+ Kh7 43. Ng4 a5 44. Rd5 Kg6 45. Rxb5 a4
46. b3 axb3 47. cxb3 Kf7 48. a4 Ke7 49. a5 h5 50. Rxh5 g5 51. Rh6 Kd7 52. Rxf6
Kc7 53. Rg6 Kd7 54. b4 Kc7 55. b5 Kb7 56. a6+ Ka7 57. e5 Ka8 58. b6 Kb8 59.
Rg8# 1-0

[Event "DEM U10 2011"]
[Site "Oberhof GER"]
[Date "2011.06.13"]
[Round "3"]
[White "ter Stal, Sven"]
[Black "Bachmann, Jonas"]
[Result "1-0"]
[Termination "normal"]
[Board "36"]
[WhiteElo "1056"]
[BlackElo "1396"]
[PlyCount "119"]
[WhiteFideId "12946443"]
[BlackFideId "12922919"]
[EventCountry "GER"]
[EventRounds "11"]
[EventType "swiss"]
[EventDate "2011.06.11"]

1. e4 e5 2. Nc3 Bc5 3. Bc4 Nf6 4. f4 d6 5. Nf3 Nc6 6. d3 Bg4 7. h3 Bxf3 8. Qxf3
Nd4 9. Qd1 Qe7 10. Be3 Nxc2+ 11. Qxc2 Bxe3 12. f5 Bd4 13. O-O-O c6 14. Kb1 b5
15. Bb3 a5 16. Qd2 a4 17. Bc2 Qa7 18. a3 Be3 19. Qe2 b4 20. Nxa4 bxa3 21. bxa3
Qb7+ 22. Ka2 Bd4 23. Rb1 Qa7 24. Rb3 O-O 25. Nc3 Bc5 26. Ra1 Rab8 27. Kb1 Rxb3+
28. Bxb3 Rb8 29. Qb2 Qb7 30. Kc2 Bd4 31. Rb1 Kf8 32. Bc4 Qxb2+ 33. Rxb2 Rxb2+
34. Kxb2 Nh5 35. Kb3 Bxc3 36. Kxc3 Ke7 37. Kb4 f6 38. Ka5 Kd7 39. Kb6 g6 40.
Kb7 Ng7 41. Be6+ Kd8 42. g4 gxf5 43. Bxf5 h6 44. Kxc6 Ne8 45. a4 Nc7 46. Kxd6
Ne8+ 47. Ke6 Kc7 48. Kf7 Nd6+ 49. Kxf6 Nxf5 50. gxf5 Kd7 51. Kg7 Kc6 52. f6 Kc5
53. f7 Kb4 54. f8=Q+ Kxa4 55. Qb8 Ka3 56. Kf6 Ka4 57. Kxe5 Ka3 58. Kd4 Ka2 59.
Kc3 Ka1 60. Qb2# 1-0

[Event "DEM U10 2011"]
[Site "Oberhof GER"]
[Date "2011.06.13"]
[Round "3"]
[White "Cejda, Cecilia"]
[Black "Flach, Helene"]
[Result "0-1"]
[Termination "normal"]
[Board "37"]
[WhiteElo "1130"]
[BlackElo "849"]
[PlyCount "62"]
[WhiteFideId "12921122"]
[BlackFideId "12929735"]
[EventCountry "GER"]
[EventRounds "11"]
[EventType "swiss"]
[EventDate "2011.06.11"]

1. e4 e5 2. Nf3 Nc6 3. Bc4 Bc5 4. b4 Bxb4 5. c3 Ba5 6. d4 exd4 7. O-O Bb6 8.
Ba3 Nf6 9. Qb3 Rf8 10. Ng5 d5 11. Bxf8 Kxf8 12. exd5 Na5 13. Qb4+ c5 14. dxc6+
Kg8 15. Bxf7+ Kh8 16. Bh5 Nxc6 17. Nf7+ Kg8 18. Nxd8 Nxb4 19. cxb4 Bxd8 20. Bf3
Bc7 21. Nd2 Bf5 22. Bxb7 Rb8 23. Ba6 Rxb4 24. Bc4+ Kf8 25. Rfe1 Bf4 26. Re2
Bxd2 27. Rxd2 Rxc4 28. Re1 d3 29. Re5 Rc1+ 30. Rd1 Rxd1+ 31. Re1 Rxe1# 0-1

[Event "DEM U10 2011"]
[Site "Oberhof GER"]
[Date "2011.06.13"]
[Round "3"]
[White "Riegel, Arinna"]
[Black "Kobald, Jacqueline"]
[Result "1-0"]
[Termination "normal"]
[Board "38"]
[WhiteElo "1118"]
[BlackElo "806"]
[PlyCount "123"]
[WhiteFideId "12931446"]
[BlackFideId "12988162"]
[EventCountry "GER"]
[EventRounds "11"]
[EventType "swiss"]
[EventDate "2011.06.11"]

1. e4 e5 2. Nf3 Nc6 3. Bc4 Nf6 4. Nc3 Bc5 5. d3 h6 6. Be3 Bb6 7. h3 d6 8. Bxb6
axb6 9. Nd5 Be6 10. Qd2 Bxd5 11. Bxd5 Nxd5 12. exd5 Ne7 13. c4 c6 14. dxc6 bxc6
15. Qe3 c5 16. Qe4 Qd7 17. Qxa8+ Nc8 18. a4 O-O 19. Qe4 Ne7 20. Qg4 Qa7 21. O-O
Ng6 22. Nh4 Nxh4 23. Qxh4 Qa5 24. Rfe1 Qb4 25. Re2 Qa5 26. Qg4 Qa7 27. Re3 Qe7
28. Rg3 Qf6 29. Re1 Re8 30. Ree3 Re6 31. Ref3 Qg6 32. Qxg6 Rxg6 33. Rxg6 fxg6
34. Kf1 g5 35. Ke2 Kh7 36. Ke3 Kg6 37. Ke4 Kh5 38. Kd5 g4 39. hxg4+ Kxg4 40.
Kxd6 h5 41. Kxe5 h4 42. d4 cxd4 43. Kxd4 g5 44. c5 bxc5+ 45. Kxc5 h3 46. Rxh3
Kf5 47. a5 g4 48. Rg3 Kf4 49. a6 Kf5 50. a7 Kf4 51. a8=Q Kf5 52. Kd4 Kf6 53.
Qf8+ Kg5 54. Rxg4+ Kxg4 55. b4 Kg5 56. b5 Kg4 57. b6 Kg5 58. b7 Kg4 59. b8=Q
Kg5 60. Qbf4+ Kh5 61. Q4f5+ Kh4 62. Qh6# 1-0

[Event "DEM U10 2011"]
[Site "Oberhof GER"]
[Date "2011.06.13"]
[Round "3"]
[White "Adler, Jakob"]
[Black "Pantsernaya, Sofya"]
[Result "0-1"]
[Termination "normal"]
[Board "39"]
[WhiteElo "1111"]
[BlackElo "769"]
[PlyCount "66"]
[BlackFideId "12993182"]
[EventCountry "GER"]
[EventRounds "11"]
[EventType "swiss"]
[EventDate "2011.06.11"]

1. e4 d5 2. exd5 Qxd5 3. Nc3 Qa5 4. d4 c6 5. Nf3 Bg4 6. Be2 Nf6 7. O-O e6 8.
Bg5 Be7 9. Qd2 Bxf3 10. Bxf3 O-O 11. a3 h6 12. Bh4 Nbd7 13. b4 Qf5 14. h3 Rfe8
15. Rae1 Nh5 16. Bxe7 Rxe7 17. Ne2 Qg6 18. g4 Nhf6 19. Ng3 Rd8 20. Kh1 c5 21.
dxc5 Qg5 22. Qxg5 hxg5 23. Bxb7 Ne5 24. Rxe5 Rxb7 25. Rxg5 Rbd7 26. c6 Rd1 27.
c7 Rxf1+ 28. Nxf1 Rc8 29. Rc5 Ne4 30. Rc4 Nxf2+ 31. Kg2 Nd1 32. Ng3 Ne3+ 33.
Kf3 Nxc4 0-1

[Event "DEM U10 2011"]
[Site "Oberhof GER"]
[Date "2011.06.13"]
[Round "3"]
[White "Weiten, Teresa"]
[Black "Schamber, Dennis"]
[Result "0-1"]
[Termination "normal"]
[Board "40"]
[WhiteElo "766"]
[BlackElo "1039"]
[PlyCount "92"]
[WhiteFideId "12971944"]
[BlackFideId "12952176"]
[EventCountry "GER"]
[EventRounds "11"]
[EventType "swiss"]
[EventDate "2011.06.11"]

1. e4 d5 2. exd5 Qxd5 3. Nc3 Qa5 4. Nf3 c6 5. d4 Bg4 6. Bf4 Nf6 7. Bc4 e6 8.
O-O Be7 9. Qd3 O-O 10. Rad1 Nbd7 11. Ne4 Nxe4 12. Qxe4 Nf6 13. Qd3 Bf5 14. Qe3
Bxc2 15. Rd2 Bf5 16. Re1 Bb4 17. Ne5 Bxd2 18. Qxd2 Qxd2 19. Bxd2 Rad8 20. Re3
Rxd4 21. Re2 b5 22. Bb3 Bd3 23. Nxd3 Rxd3 24. Bb4 Rfd8 25. h3 Nd5 26. Ba5 Nb6
27. Re5 g6 28. Bb4 Nc4 29. Rg5 Nxb2 30. Ba5 R8d7 31. Re5 Nd1 32. Bb4 Nc3 33.
Rc5 Nd5 34. Ba3 Rc7 35. Bc2 Rxa3 36. Be4 Rxa2 37. Rc1 a5 38. Bc2 Nf4 39. g3
Ne2+ 40. Kf1 Nxc1 41. Be4 Nb3 42. Bb1 Nd2+ 43. Ke1 Nxb1 44. f4 Rd7 45. g4 Nc3
46. f5 Rd1# 0-1

[Event "DEM U10 2011"]
[Site "Oberhof GER"]
[Date "2011.06.13"]
[Round "3"]
[White "von Pogrell, Anna"]
[Black "Lohrmann, Tabea"]
[Result "0-1"]
[Termination "normal"]
[Board "41"]
[WhiteElo "719"]
[BlackElo "1039"]
[PlyCount "76"]
[BlackFideId "12911941"]
[EventCountry "GER"]
[EventRounds "11"]
[EventType "swiss"]
[EventDate "2011.06.11"]

1. e4 d5 2. exd5 Qxd5 3. Nc3 Qd6 4. Nf3 Bg4 5. Bc4 e6 6. O-O Nf6 7. Re1 Be7 8.
d3 O-O 9. Nb5 Qd7 10. Qd2 Bxf3 11. gxf3 c6 12. Nc3 Bd6 13. Ne4 Nxe4 14. Rxe4 b5
15. Bb3 Na6 16. Rg4 Qe7 17. Qc3 e5 18. Bg5 Qd7 19. Qd2 Nc5 20. Rh4 Nxb3 21.
axb3 Qf5 22. Rg4 Qxf3 23. h3 Qxh3 24. Rh4 Qf5 25. Rf1 Qg6 26. Kg2 f6 27. Rh6
gxh6 28. Kh1 hxg5 29. Rg1 Qf5 30. Rg2 Qf3 31. Qa5 Qd1+ 32. Rg1 Qxc2 33. Qa6
Qxf2 34. Qb7 e4 35. Rg2 Qf3 36. dxe4 Rae8 37. Kg1 Rxe4 38. Rh2 Re1# 0-1

[Event "DEM U10 2011"]
[Site "Oberhof GER"]
[Date "2011.06.13"]
[Round "3"]
[White "Schmidt, Sarah"]
[Black "Reuker, Ronja"]
[Result "1-0"]
[Termination "normal"]
[Board "42"]
[WhiteElo "1032"]
[BlackElo "730"]
[PlyCount "37"]
[WhiteFideId "12965480"]
[BlackFideId "12947172"]
[EventCountry "GER"]
[EventRounds "11"]
[EventType "swiss"]
[EventDate "2011.06.11"]

1. e4 e5 2. Nf3 Nc6 3. Nc3 Bc5 4. Bb5 Nf6 5. O-O O-O 6. d3 d6 7. Bg5 Bg4 8.
Bxc6 bxc6 9. h3 Be6 10. Re1 Rb8 11. b3 Ba3 12. Rb1 Re8 13. d4 exd4 14. Nxd4 Bd7
15. Qf3 Bc5 16. Bxf6 gxf6 17. Nf5 d5 18. Qg3+ Kh8 19. Qg7# 1-0